Espíritu en carne altiva /
Salvato in:
| Autore principale: | |
|---|---|
| Natura: | Sconosciuto |
| Lingua: | Spanish |
| Pubblicazione: |
San José, Costa Rica :
Editorial de la Universidad de Costa Rica,
1997.
|
| Soggetti: | |
| Tags: |
Aggiungi Tag
Nessun Tag, puoi essere il primo ad aggiungerne!!
|
MARC
| LEADER | 000000000a22000000004500 | ||
|---|---|---|---|
| 001 | 004003 | ||
| 020 | |a 9977674809 | ||
| 041 | 0 | |a spa | |
| 082 | 0 | 4 | |a CR863.4 |b M117e Identidad Cultural |
| 100 | 1 | |a Macaya Trejos, Emilia | |
| 245 | 1 | 0 | |a Espíritu en carne altiva / |c Emilia Macaya Trejos. |
| 260 | 1 | |a San José, Costa Rica : |b Editorial de la Universidad de Costa Rica, |c 1997. | |
| 300 | |a 189 páginas | ||
| 500 | |a (Colección Identidad Cultural) | ||
| 500 | |a Esta biblioteca cuenta con tres ejemplares de este libro. | ||
| 650 | 4 | |a OREAMUNO, YOLANDA, (1916-1956) | |
| 650 | 4 | |a CRITICAS | |
| 999 | |c 10331 |d 10331 | ||
| 942 | |c BK |h CR863.4 M117e Identidad Cultural |2 z | ||



